Zahraniční obchod České republiky měsíční přehled
Guardado en:
| Formato: | Seriadas |
|---|---|
| Lenguaje: | checo |
| Publicado: |
Praha
Česká agentura na podporu obchodu / Czech Trade
2000
|
| Materias: | |
| Etiquetas: |
Sin Etiquetas, Sea el primero en etiquetar este registro!
|
MARC
| LEADER | 00000nas2a2200000 4500 | ||
|---|---|---|---|
| 001 | s124861 | ||
| 005 | 20221221071920.3 | ||
| 041 | 0 | |a cze | |
| 044 | |a CZ | ||
| 245 | 1 | 0 | |a Zahraniční obchod České republiky |b měsíční přehled |
| 264 | 1 | |a Praha |b Česká agentura na podporu obchodu / Czech Trade |c 2000 | |
| 300 | |a 1 zv. | ||
| 500 | |a chýba č. 8 | ||
| 773 | 0 | |w eu_un_cat*s121262 | |
| 610 | 2 | 0 | |a obchod zahraničný |
| 610 | 2 | 0 | |a Česko |